Object-oriented and classical software engineering / (Record no. 17966)
[ view plain ]
| 000 -LEADER | |
|---|---|
| fixed length control field | 00972nam a2200289 a 4500 |
| 001 - CONTROL NUMBER | |
| control field | 015727092 |
| 003 - CONTROL NUMBER IDENTIFIER | |
| control field | OSt |
| 005 - DATE AND TIME OF LATEST TRANSACTION | |
| control field | 20140127102017.0 |
| 008 - FIXED-LENGTH DATA ELEMENTS--GENERAL INFORMATION | |
| fixed length control field | 110613t2011 xxuadk frb 001 0 eng d |
| 020 ## - INTERNATIONAL STANDARD BOOK NUMBER | |
| International Standard Book Number | 9780071081719 (pbk.) |
| 020 ## - INTERNATIONAL STANDARD BOOK NUMBER | |
| International Standard Book Number | 0071081712 (pbk.) |
| 040 ## - CATALOGING SOURCE | |
| Original cataloging agency | StDuBDS |
| Language of cataloging | eng |
| Transcribing agency | StDuBDS |
| Modifying agency | Uk |
| 082 04 - DEWEY DECIMAL CLASSIFICATION NUMBER | |
| Classification number | 005.117 |
| Edition number | 22 |
| Item number | SCH |
| 100 1# - MAIN ENTRY--PERSONAL NAME | |
| Personal name | Schach, Stephen R. |
| 9 (RLIN) | 34930 |
| 245 10 - TITLE STATEMENT | |
| Title | Object-oriented and classical software engineering / |
| Statement of responsibility, etc | Stephen R. Schach. |
| 250 ## - EDITION STATEMENT | |
| Edition statement | 8th ed., |
| Remainder of edition statement | Global ed. |
| 260 ## - PUBLICATION, DISTRIBUTION, ETC. (IMPRINT) | |
| Place of publication, distribution, etc | New York, United States : |
| Name of publisher, distributor, etc | McGraw-Hill, |
| Date of publication, distribution, etc | c.2011 |
| Manufacturer | (Singapore) |
| 300 ## - PHYSICAL DESCRIPTION | |
| Extent | xix, 667 p. : |
| Other physical details | chart, forms, tables ; |
| Dimensions | 24 cm. |
| 500 ## - GENERAL NOTE | |
| General note | Index : p. 651-667 |
| 500 ## - GENERAL NOTE | |
| General note | Includes appendix. |
| 504 ## - BIBLIOGRAPHY, ETC. NOTE | |
| Bibliography, etc | Includes bibliographical references. |
| 650 #0 - SUBJECT ADDED ENTRY--TOPICAL TERM | |
| Topical term or geographic name as entry element | Object-oriented methods (Computer science) |
| 9 (RLIN) | 17722 |
| 650 #0 - SUBJECT ADDED ENTRY--TOPICAL TERM | |
| Topical term or geographic name as entry element | Software engineering |
| 9 (RLIN) | 3832 |
| 653 ## - INDEX TERM--UNCONTROLLED | |
| Resource For college | |
| Arrived date list | January2014 |
| 655 ## - INDEX TERM--GENRE/FORM | |
| Form subdivision | |
| -- | 34232 |
| 942 ## - ADDED ENTRY ELEMENTS (KOHA) | |
| Source of classification or shelving scheme | Dewey Decimal Classification |
| Call number prefix | 005.117 SCH |
| Withdrawn status | Item status | Source of classification or shelving scheme | Damaged status | Not for loan | Vendor | Home library | Current library | Shelving location | Date acquired | Source of acquisition | Cost, normal purchase price | Total Checkouts | Full call number | Barcode | Date last seen | Cost, replacement price | Koha item type |
|---|---|---|---|---|---|---|---|---|---|---|---|---|---|---|---|---|---|
| Dewey Decimal Classification | Baccah | Central Library | Central Library | Lower Floor | 27/01/2014 | Purchase | 250.00 | 005.117 SCH | 000035501 | 15/07/2025 | 312.50 | Book - Borrowing | |||||
| Dewey Decimal Classification | Baccah | Central Library | Central Library | Lower Floor | 27/01/2014 | Purchase | 250.00 | 005.117 SCH | 000035502 | 15/07/2025 | 312.50 | Book - Borrowing |